Catálogo
 En Linea

Le droit de la nature et des gens : Ou, Système général des principes les plus importants de la morale, de la jurisprudence et de la politique / (Registro nro. 34052)

Detalles MARC
000 -CABECERA
campo de control de longitud fija 00890nam a2200181 a 4500
001 - NÚMERO DE CONTROL
campo de control 000034561
005 - FECHA Y HORA DE LA ÚLTIMA TRANSACCIÓN
campo de control 20200930073752.0
008 - DATOS DE LONGITUD FIJA--INFORMACIÓN GENERAL
campo de control de longitud fija 111006s1771 br 000 0 spa d
040 ## - FUENTE DE LA CATALOGACIÓN
Centro catalogador/agencia de origen DO-SdBNP
Lengua de catalogación spa
Centro/agencia transcriptor BNPHU
041 17 - CÓDIGO DE LENGUA
Código de lengua del texto/banda sonora o título independiente spa
Código de lengua del sumario o resumen fren
100 1# - ENTRADA PRINCIPAL--NOMBRE DE PERSONA
Nombre de persona Pufendorf, Samuel, Freiherr von,
Fechas asociadas al nombre 1632-1694.
9 (RLIN) 59996
245 13 - MENCIÓN DE TÍTULO
Título Le droit de la nature et des gens : Ou, Système général des principes les plus importants de la morale, de la jurisprudence et de la politique /
Mención de responsabilidad, etc. traduit du latin de feu Mr. Le Baron de Pufendorf par Jean de Barbeyrac ... avec des notes du traducteur et une préface qui sert d'introduction à tout l'ouvrage.
246 14 - FORMA VARIANTE DE TÍTULO
Título propio/Titulo breve Systeme general des principes le plus importans de la morale, de la jurisprudence, et de la politique
260 ## - PUBLICACIÓN, DISTRIBUCIÓN, ETC.
Lugar de publicación, distribución, etc. [Berlin] :,
Fecha de publicación, distribución, etc. 1771.
300 ## - DESCRIPCIÓN FÍSICA
Extensión v. ;
Dimensiones 28 cm.
500 ## - NOTA GENERAL
Nota general La biblioteca posee el v. 2
700 1# - PUNTO DE ACCESO ADICIONAL--NOMBRE DE PERSONA
Nombre de persona Barbeyrac, Jean,
Término indicativo de función/relación tr.
9 (RLIN) 59997
Existencias
Estado de retiro Estado de pérdida Restricciones de uso No para préstamo Código de colección Localización permanente Ubicación/localización actual Ubicación en estantería Fecha de adquisición Número de inventario Total de préstamos Signatura topográfica completa Código de barras Fecha visto por última vez Precio válido a partir de Tipo de ítem Koha
      Excluido de préstamo Monografías: Libros y Folletos General General En catalogación 06.10.2011 LF1   34561-10 25.06.2020 25.06.2020 No se presta
        Monografías: Libros y Folletos General General Orden iniciada 06.10.2011 LF1   34562-10 25.06.2020 25.06.2020 No se presta

Con tecnología Koha